| 000 | 00827nam a2200217 a 4500 | ||
|---|---|---|---|
| 001 | 000042607 | ||
| 005 | 20201002040253.0 | ||
| 008 | 140131s2009 sp ac 000 0 spa d | ||
| 020 | _a9788461250158 | ||
| 100 | 1 |
_aSanchidrián Gallego, Jesús María José _969854 |
|
| 245 | 1 | 0 |
_aAvileses : _bTipos de Ávila estampas y fotografías (1777-1960) / _cJesús Maria José Sanchidrián Gallego. |
| 260 |
_aEspaña : _bPiedra Caballera, _c2009. |
||
| 300 |
_a278 p. : _bil., retr. ; _c18 cm. |
||
| 490 | 1 |
_aEstampas de la tierra de Ávila _v6 |
|
| 500 | _aIncluye notas a pie de páginas | ||
| 500 | _aIncluye datos biografícos del autor | ||
| 500 | _aIncluye reseña de autores y procedencia de las imágenes | ||
| 504 | _aBibliografía p: 261-278 | ||
| 830 | 0 |
_aEstampas de la tierra de Ávila _n6 _969855 |
|
| 999 |
_c42096 _d42096 |
||
| 040 | _aDO-SdBNP | ||